01619pab a2200193 454500008004000000100002000040245007300060260000900133300001400142362000800156520102000164650002601184650002601210773005201236908000601288909001001294999001701304952010401321180718b2008 xxu||||| |||| 00| 0 eng d aCommon, Richard aAdministrative change in the Gulf: modernization in Bahrain and Oman c2008 ap.177-93. aJun aStates in the Middle East tend to be overlooked by researchers in comparative public administration. However, these states offer potentially useful insights into the nature of administrative change as they defy standard assumptions about pressures for reform. The aim of the article is to provide an account of reform by analysing important contextual factors in Bahrain and Oman. Given the large gap in the literature regarding the Gulf States, this article is supplemented by observations and evidence gathered on regular visits to both countries by the researcher. The analysis reveals systems of public administration highly resistant to international reform trends. Many of these factors are situational; including highly centralized political systems, tradition and strong national and administrative cultures. It is concluded that while reform processes are emerging in these countries, they are slow and evolutionary and are more adapted to the domestic rather than the international context. - Reproduced. aPublic administration aAdministrative reform aInternational Review of Administrative Sciences aN a79009 c79009d79009 00104070aIIPAbIIPAd2018-07-19hVolume no: 74, Issue no: 2pAR79469r2018-07-19w2018-07-19yAR